Estadísticas para Rompecabezas para colorear banderas n.° 1

Haz click aquí para intentar la prueba.

Estadísticas generales

  • Esta prueba ha sido intentada 67 veces
  • La puntuación promedio es 4 de 6

Respuestas en el mapa

Las respuestas están codificadas por una escala verde-roja en el mapa de la prueba según el % correcto abajo.
 

Estadísticas de respuestas

Respuesta% Correcto
blanco
89%
negro
69%
azul
67%
verde
64%
rojo
62%
amarillo
56%

Distribución de puntuación

Porcentaje por número respondido

Porcentaje de gente con cada puntuación

Historial de tus puntuaciones

No has intentado esta prueba.